000
00308nam a22001337a 4500
008
170327b xxu||||| |||| 00| 0 eng d
020
_a
9780316755788
041
_a
eng
080
_2
3 ED
_a
615.83
100
_a
8
101
_a
SHM
245
_a
ENVIRONMENTAL OCCUPATIONAL MEDICINE
_c
ROM.W.N
942
_2
udc
_c
BK
999
_c
8758
_d
8758